[Event "World Blitz 2015"]
[Site "Berlin GER"]
[Date "2015.10.14"]
[Round "13.32"]
[White "Bogdanovich, Stanislav"]
[Black "Borisek, Jure"]
[Result "0-1"]
[WhiteTitle "IM"]
[BlackTitle "GM"]
[WhiteElo "2590"]
[BlackElo "2565"]
[WhiteFideId "14115298"]
[BlackFideId "14603152"]
[EventDate "2015.10.13"]

1. d4 Nf6 2. c4 g6 3. Nf3 Bg7 4. g3 c6 5. Bg2 d5 6. O-O O-O 7. Nbd2 Bf5 8. b3
Nbd7 9. Bb2 Qa5 10. a3 Ne4 11. b4 Qd8 12. Rc1 Nb6 13. c5 Nd7 14. Nh4 Nxd2 15.
Qxd2 Be6 16. f4 f5 17. Nf3 Nf6 18. Ne5 Ne4 19. Qd3 Bxe5 20. dxe5 Qd7 21. Qd4
Rfb8 22. Rc2 b6 23. Bxe4 dxe4 24. Qxd7 Bxd7 25. Rd1 Be6 26. cxb6 Rxb6 27. Bd4
Ra6 28. Rc3 Rd8 29. e3 Kf7 30. Kf2 h5 31. h4 Rd7 32. Rdc1 Bd5 33. Ke1 Rb7 34.
Kd2 Ra4 35. Bc5 a5 36. Rb1 Ke6 37. Kc2 Rb5 38. bxa5 Rxb1 39. Kxb1 Rxa5 40. Bb4
Ra8 41. Rc5 Kd7 42. Kb2 e6 43. Rc1 Kc7 44. Kc3 Kb6 45. Rb1 c5 46. Rb2 Kc6 47.
Rb1 cxb4+ 48. axb4 Ra3+ 49. Kd2 Rd3+ 50. Ke2 Bc4 51. Kf2 Rd2+ 52. Kg1 Re2 53.
Rd1 Rxe3 54. Kf2 Rf3+ 55. Kg2 Rb3 56. Rd8 Rb2+ 57. Kg1 e3 58. Rc8+ Kd5 59. b5
Rb1+ 60. Kg2 e2 61. Rd8+ Ke4 62. Rd1 exd1=Q 0-1

[Event "World Blitz 2015"]
[Site "Berlin GER"]
[Date "2015.10.14"]
[Round "13.34"]
[White "Ponomariov, Ruslan"]
[Black "Papin, Vasily"]
[Result "1-0"]
[WhiteTitle "GM"]
[BlackTitle "GM"]
[WhiteElo "2710"]
[BlackElo "2502"]
[WhiteFideId "14103320"]
[BlackFideId "4143183"]
[EventDate "2015.10.13"]

1. e4 c5 2. Nf3 e6 3. d4 cxd4 4. Nxd4 a6 5. Nc3 Qc7 6. Bd3 g6 7. O-O Bg7 8. Be3
Nf6 9. a4 Nc6 10. Nb3 b6 11. f4 d6 12. Kh1 O-O 13. Qe2 Nd7 14. Qf2 Nc5 15. Rad1
Nb4 16. Nd4 f5 17. exf5 Ncxd3 18. cxd3 gxf5 19. Nf3 Rb8 20. Bd4 e5 21. Be3 Be6
22. Qh4 Qd8 23. Qg3 Qf6 24. Rfe1 Nc2 25. Re2 Nxe3 26. Rxe3 Bb3 27. Rde1 Qh6 28.
Ne2 Rbe8 29. d4 exf4 30. Nxf4 Rxe3 31. Rxe3 Bf7 32. h3 Re8 33. Rxe8+ Bxe8 34. b3
a5 35. Ng5 Qf6 36. Nge6 Bg6 37. Nxg7 Qxg7 38. Qe3 Qd7 39. Kh2 Kf7 40. d5 Qe7 41.
Qxb6 Qe5 42. Qf2 Qc3 43. Qb6 Qe5 44. Kg3 Qc3+ 45. Kf2 Qe5 46. Qe3 Qb2+ 47. Kg3
Qe5 48. Kf3 Qa1 49. Qa7+ Kf6 50. Qxa5 Qd1+ 51. Kf2 Qxb3 52. Qa7 Bf7 53. a5 Qb2+
54. Kg3 Qc3+ 55. Kh2 Qe5 56. Qf2 Bxd5 57. Qg3 Be4 58. a6 Qa5 59. Nh5+ Ke6 60.
Qb3+ Bd5 61. Qe3+ Be4 62. a7 Kd7 63. Nf6+ Kc7 64. Qd4 Kb7 65. Qxd6 Kxa7 66. Nxe4
fxe4 67. Qe7+ Kb8 68. Qxe4 Qc7+ 69. Kg1 Qc1+ 70. Kf2 Qb2+ 71. Kf3 Qc3+ 72. Kg4
Qg7+ 73. Kh5 Kc7 74. g4 Qf7+ 75. Kh6 Qf6+ 76. Kxh7 Qh4+ 77. Kg7 Qxh3 78. g5 Kb6
79. Qe5 Qd7+ 80. Kh6 Qh3+ 81. Kg6 Qd3+ 82. Kf6 Qf3+ 83. Ke7 Qa3+ 84. Qd6+ 1-0

[Event "World Blitz 2015"]
[Site "Berlin GER"]
[Date "2015.10.14"]
[Round "13.35"]
[White "Morozevich, Alexander"]
[Black "Swiercz, Dariusz"]
[Result "1-0"]
[WhiteTitle "GM"]
[BlackTitle "GM"]
[WhiteElo "2711"]
[BlackElo "2620"]
[WhiteFideId "4116992"]
[BlackFideId "1126881"]
[EventDate "2015.10.13"]

1. e4 c6 2. d4 d5 3. e5 c5 4. dxc5 e6 5. a3 Nc6 6. Bf4 Bxc5 7. Qg4 Kf8 8. Nc3
Qb6 9. O-O-O Bxf2 10. Nf3 Nge7 11. Bd3 Be3+ 12. Kb1 Bxf4 13. Qxf4 Ng6 14. Bxg6
hxg6 15. Ng5 Qc7 16. Rhf1 f5 17. exf6 Qxf4 18. Rxf4 Rxh2 19. fxg7+ Kxg7 20. Rf7+
Kh6 21. Nf3 Rh5 22. g4 Rh3 23. g5+ Kh5 24. Rg1 Rxf3 25. Rh7# 1-0

[Event "World Blitz 2015"]
[Site "Berlin GER"]
[Date "2015.10.14"]
[Round "13.36"]
[White "Khairullin, Ildar"]
[Black "Meier, Georg"]
[Result "0-1"]
[WhiteTitle "GM"]
[BlackTitle "GM"]
[WhiteElo "2652"]
[BlackElo "2654"]
[WhiteFideId "4151348"]
[BlackFideId "4675789"]
[EventDate "2015.10.13"]

1. Nf3 d5 2. g3 Bg4 3. Bg2 e6 4. c4 c6 5. O-O Nf6 6. cxd5 exd5 7. d3 Be7 8. Qb3
Qb6 9. Qc2 Nbd7 10. h3 Bxf3 11. Bxf3 O-O 12. Nd2 Rfe8 13. e3 a5 14. b3 a4 15.
Bb2 a3 16. Bd4 Bc5 17. Bxc5 Nxc5 18. Bg2 Na6 19. d4 Nb4 20. Qc3 Qa5 21. Rfc1 Re7
22. Qc5 Qxc5 23. Rxc5 Kf8 24. Rcc1 Ne8 25. Nb1 Nd6 26. Nc3 g5 27. g4 h6 28. Rd1
Kg7 29. Rd2 f5 30. gxf5 Nxf5 31. Re1 Nh4 32. Bh1 h5 33. Kh2 Kh6 34. Kg3 Rf8 35.
Nb1 Nf5+ 36. Kg2 Ra8 37. Nc3 Rf7 38. Kg1 Nh4 39. e4 Re7 40. Re3 dxe4 41. Rxe4
Rxe4 42. Bxe4 Rd8 43. f3 Ng6 44. Bxg6 Kxg6 45. Nb1 Ra8 46. Nc3 Kf5 47. Re2 Rd8
48. Re5+ Kg6 49. Re6+ Kf7 50. Re4 Nc2 51. Ne2 Kf6 52. Kf2 Nb4 53. Nc3 b5 54. h4
Nc2 55. hxg5+ Kxg5 56. Ne2 Nb4 57. Nc3 h4 58. Rg4+ Kh5 59. Kg2 Nc2 0-1

[Event "World Blitz 2015"]
[Site "Berlin GER"]
[Date "2015.10.14"]
[Round "13.38"]
[White "Iturrizaga Bonelli, Eduardo"]
[Black "Riff, Jean-Noel"]
[Result "1-0"]
[WhiteTitle "GM"]
[BlackTitle "GM"]
[WhiteElo "2641"]
[BlackElo "2499"]
[WhiteFideId "3901211"]
[BlackFideId "611190"]
[EventDate "2015.10.13"]

1. Nf3 Nf6 2. c4 e6 3. Nc3 Bb4 4. Qc2 c5 5. g4 O-O 6. g5 Ne8 7. Bg2 d5 8. h4 Nc6
9. cxd5 exd5 10. a3 Bxc3 11. dxc3 Nd6 12. Bf4 Bf5 13. Qb3 d4 14. Qd5 dxc3 15.
bxc3 Nb5 16. Qxf5 Nxc3 17. Qc2 Nd5 18. Bg3 f5 19. gxf6 Nxf6 20. O-O Kh8 21. Qxc5
Ne4 22. Qc2 Qe7 23. Rfd1 Rae8 24. Ng5 Nxg3 25. Qxh7# 1-0

[Event "World Blitz 2015"]
[Site "Berlin GER"]
[Date "2015.10.14"]
[Round "13.39"]
[White "Piorun, Kacper"]
[Black "Rublevsky, Sergei"]
[Result "0-1"]
[WhiteTitle "GM"]
[BlackTitle "GM"]
[WhiteElo "2609"]
[BlackElo "2702"]
[WhiteFideId "1130420"]
[BlackFideId "4115309"]
[EventDate "2015.10.13"]

1. Nf3 d5 2. g3 Bg4 3. Bg2 c6 4. O-O Nd7 5. d3 e5 6. Qe1 Ngf6 7. e4 dxe4 8. dxe4
Be7 9. Nbd2 O-O 10. h3 Bh5 11. Nc4 Qc7 12. a4 Rfe8 13. Nh4 Nc5 14. a5 Nfd7 15.
Nf5 Bf8 16. b4 Ne6 17. c3 b5 18. Nb2 Rac8 19. Nd3 c5 20. Be3 Qb8 21. f4 cxb4 22.
cxb4 exf4 23. Nxf4 Bg6 24. Qf2 Nxf4 25. Bxf4 Ne5 26. Rab1 Qb7 27. Rfd1 f6 28.
Kh2 Rc4 29. Ne3 Rxb4 30. Nd5 Rxb1 31. Rxb1 Nd3 32. Qf1 Nxf4 33. Rxb5 Qc6 34.
Nxf4 Bxe4 35. Rb2 Bxg2 36. Qxg2 Qc3 37. a6 Kh8 38. Re2 Rd8 39. Ne6 Rc8 40. Qb7
Qc4 41. Nf4 g5 42. Re4 Qc5 43. Ng2 Rd8 44. Qf7 Bg7 45. Re8+ Rxe8 46. Qxe8+ Bf8
47. Qd7 Qb6 48. Qe8 Kg7 49. Qd7+ Kg6 50. Qd3+ f5 51. Ne3 Qb2+ 52. Kh1 Qe5 53.
Kg1 Qxg3+ 54. Kf1 Qf3+ 55. Kg1 Bc5 0-1

[Event "World Blitz 2015"]
[Site "Berlin GER"]
[Date "2015.10.14"]
[Round "13.40"]
[White "Al-Sayed, Mohammed"]
[Black "Bachmann, Axel"]
[Result "0-1"]
[WhiteTitle "GM"]
[BlackTitle "GM"]
[WhiteElo "2520"]
[BlackElo "2593"]
[WhiteFideId "12100196"]
[BlackFideId "3700488"]
[EventDate "2015.10.13"]

1. d4 Nf6 2. c4 e6 3. Nf3 Bb4+ 4. Nbd2 b6 5. a3 Bxd2+ 6. Bxd2 Bb7 7. Bg5 d6 8.
e3 h6 9. Bh4 g5 10. Bg3 Ne4 11. Bd3 Nd7 12. Qc2 f5 13. O-O-O Qf6 14. d5 Ndc5 15.
Nd4 O-O-O 16. Bxe4 fxe4 17. Nxe6 Nxe6 18. dxe6 Qxe6 19. h4 Kb8 20. Qc3 Rhf8 21.
hxg5 hxg5 22. b3 a5 23. Kb2 Rf5 24. Rh7 Rdf8 25. Qg7 R5f7 26. Rh6 Qg4 27. Qd4
Rxf2+ 28. Bxf2 Rxf2+ 29. Rd2 Rxg2 30. Rh8+ Bc8 31. b4 axb4 32. axb4 Rxd2+ 33.
Qxd2 Qf5 34. Qd4 g4 35. Rg8 g3 36. c5 dxc5 37. bxc5 bxc5 38. Qc3 Qf2+ 39. Ka3
Qf5 40. Qb3+ Ka7 41. Rxg3 Qe5 42. Qa4+ 0-1

[Event "World Blitz 2015"]
[Site "Berlin GER"]
[Date "2015.10.14"]
[Round "13.41"]
[White "Hirneise, Tobias"]
[Black "Safarli, Eltaj"]
[Result "0-1"]
[WhiteTitle "IM"]
[BlackTitle "GM"]
[WhiteElo "2457"]
[BlackElo "2657"]
[WhiteFideId "24600881"]
[BlackFideId "13402129"]
[EventDate "2015.10.13"]

1. d4 Nf6 2. c4 g6 3. g3 Bg7 4. Bg2 d5 5. cxd5 Nxd5 6. Nf3 O-O 7. O-O c5 8. Nc3
Nxc3 9. bxc3 Be6 10. Ba3 cxd4 11. cxd4 Nc6 12. e3 Qa5 13. Bb2 Rac8 14. Nd2 Qb4
15. Nb3 Rfd8 16. Qd2 Qxd2 17. Nxd2 Nb4 18. Bxb7 Rb8 19. Be4 f5 20. Bb1 Kf7 21.
Ba3 Bd5 22. Rc1 e5 23. Rc7+ Kg8 24. Rxg7+ Kxg7 25. dxe5 Ba8 26. Bc1 Rbc8 0-1

[Event "World Blitz 2015"]
[Site "Berlin GER"]
[Date "2015.10.14"]
[Round "13.42"]
[White "Gajewski, Grzegorz"]
[Black "Hjartarson, Johann"]
[Result "1-0"]
[WhiteTitle "GM"]
[BlackTitle "GM"]
[WhiteElo "2654"]
[BlackElo "2529"]
[WhiteFideId "1116207"]
[BlackFideId "2300044"]
[EventDate "2015.10.13"]

1. c4 e5 2. g3 Nf6 3. Bg2 d5 4. cxd5 Nxd5 5. Nc3 Nb6 6. d3 Be7 7. Be3 O-O 8. Rc1
Re8 9. Qd2 Bf8 10. a3 Nc6 11. Bxc6 bxc6 12. Nf3 Nd5 13. Na4 Nxe3 14. Qxe3 Qd6
15. Nd2 a5 16. Ne4 Qg6 17. h4 h6 18. h5 Qe6 19. g4 f6 20. f3 Be7 21. Rg1 Rf8 22.
Nec5 Qd5 23. Qe4 Rb8 24. Qxd5+ cxd5 25. Rc2 f5 26. gxf5 Rxf5 27. Rh1 Bg5 28. Kf2
c6 29. Nc3 Be7 30. Nd1 Bd6 31. Ne3 Rf7 32. Rhc1 Rf4 33. Ng2 Rf5 34. Rh1 Kh7 35.
Ne3 Rf7 36. Rg1 Rb5 37. Rgc1 d4 38. Nf1 Be7 39. Ng3 Bg5 40. Rb1 Be3+ 41. Kg2 Rf4
42. Nce4 Bd7 43. b4 Rf8 44. Rc5 Rfb8 45. Rxb5 Rxb5 46. Nc5 Be8 47. Ne6 Rb8 48.
Ne4 Bxh5 49. N4c5 Bf7 50. Nc7 axb4 51. axb4 Bd2 52. N7a6 Rb6 53. Ra1 g5 54. Ra4
h5 55. Nd7 Rb5 56. Nac5 Kg6 57. Nxe5+ Kf6 58. Nxf7 Kxf7 59. Ra7+ Kf6 60. Ne4+
Kf5 61. Nxd2 Rxb4 62. Ne4 Kf4 63. Kf2 Rb2 64. Rf7+ Ke5 65. Nxg5 c5 66. f4+ Kd5
67. Rf5+ Kc6 68. Ne4 Rc2 69. Rxh5 c4 70. Rc5+ 1-0

[Event "World Blitz 2015"]
[Site "Berlin GER"]
[Date "2015.10.14"]
[Round "13.43"]
[White "Ganguly, Surya Shekhar"]
[Black "Munoz Pantoja, Miguel"]
[Result "1-0"]
[WhiteTitle "GM"]
[BlackTitle "GM"]
[WhiteElo "2652"]
[BlackElo "2441"]
[WhiteFideId "5002150"]
[BlackFideId "3800229"]
[EventDate "2015.10.13"]

1. e4 d5 2. exd5 Qxd5 3. Nc3 Qa5 4. d4 Nf6 5. Nf3 Bg4 6. h3 Bh5 7. g4 Bg6 8. Ne5
e6 9. h4 Nbd7 10. Nc4 Qa6 11. h5 Be4 12. Nxe4 Nxe4 13. Qf3 Nd6 14. Nxd6+ Qxd6
15. Qxb7 Rb8 16. Qxa7 Qc6 17. Rh3 Qxc2 18. a3 Qe4+ 19. Be2 c5 20. Be3 Be7 21.
dxc5 Qg2 22. Rg3 Qh1+ 23. Bf1 Nf6 24. Qa4+ Kf8 25. Qa7 Rd8 26. Rg2 h6 27. c6 Nd5
28. Rd1 Kg8 29. c7 Rc8 30. Qb7 Kh7 31. Rg3 Rxc7 32. Qb3 Rd8 33. Rh3 Qe4 34. Bd3
Nf6 35. Bxe4+ Nxe4 36. Rxd8 Bxd8 37. Qd3 f5 38. gxf5 exf5 39. Rf3 1-0

[Event "World Blitz 2015"]
[Site "Berlin GER"]
[Date "2015.10.14"]
[Round "13.44"]
[White "Matlakov, Maxim"]
[Black "Wagner, Dennis"]
[Result "1-0"]
[WhiteTitle "GM"]
[BlackTitle "GM"]
[WhiteElo "2689"]
[BlackElo "2575"]
[WhiteFideId "4168003"]
[BlackFideId "24650684"]
[EventDate "2015.10.13"]

1. d4 Nf6 2. Bf4 d5 3. e3 c5 4. c3 Nc6 5. Nd2 Bf5 6. Ngf3 e6 7. Be2 Bd6 8. Bg5
h6 9. Bh4 Qb6 10. Bxf6 gxf6 11. dxc5 Bxc5 12. b4 Be7 13. a3 Rc8 14. c4 d4 15. c5
Qd8 16. exd4 Nxd4 17. Nxd4 Qxd4 18. O-O Rg8 19. Bf3 Rd8 20. Qa4+ Kf8 21. Rad1
Qc3 22. Bxb7 Rxd2 23. Rxd2 Qxd2 24. Qxa7 Bd3 25. Ra1 f5 26. c6 Bf6 27. Qc5+ Kg7
28. Qc1 Qe2 29. c7 Bd4 30. c8=Q Qxf2+ 31. Kh1 Rxc8 32. Bxc8 Be4 33. Qg1 Qd2 34.
Rd1 Qxg2+ 35. Qxg2+ 1-0

[Event "World Blitz 2015"]
[Site "Berlin GER"]
[Date "2015.10.14"]
[Round "13.45"]
[White "Ivanisevic, Ivan"]
[Black "Navara, David"]
[Result "0-1"]
[WhiteTitle "GM"]
[BlackTitle "GM"]
[WhiteElo "2653"]
[BlackElo "2734"]
[WhiteFideId "912417"]
[BlackFideId "309095"]
[EventDate "2015.10.13"]

1. d4 Nf6 2. Bg5 d5 3. e3 c5 4. Bxf6 gxf6 5. dxc5 Qa5+ 6. Nd2 Nc6 7. Ne2 Qxc5 8.
Nf4 d4 9. Nd3 Qa5 10. exd4 Nxd4 11. c3 Nc6 12. Qb3 Bh6 13. Nc4 Qc7 14. Qb5 Bg4
15. h3 Be6 16. Be2 O-O-O 17. Nc5 Bd5 18. Bf3 Bxf3 19. gxf3 Rd5 20. b4 Rg8 21.
Rd1 e6 22. Ke2 b6 23. Qa6+ Kb8 24. Ne4 Rgd8 25. Na3 f5 26. Rxd5 Rxd5 27. Nb5 Qe5
28. c4 Qb2+ 29. Kf1 Rd1+ 30. Kg2 Rxh1 31. Ned6 Rh2+ 32. Kxh2 Qxf2+ 33. Kh1 Qf1+ 0-1

[Event "World Blitz 2015"]
[Site "Berlin GER"]
[Date "2015.10.14"]
[Round "13.46"]
[White "Roiz, Michael"]
[Black "Savchenko, Boris"]
[Result "1-0"]
[WhiteTitle "GM"]
[BlackTitle "GM"]
[WhiteElo "2600"]
[BlackElo "2567"]
[WhiteFideId "2804158"]
[BlackFideId "4147332"]
[EventDate "2015.10.13"]

1. Nf3 d5 2. g3 Bf5 3. Bg2 e6 4. O-O Nf6 5. d3 Be7 6. c4 Na6 7. cxd5 exd5 8. b3
O-O 9. Bb2 Nc5 10. Nbd2 Re8 11. Rc1 Ne6 12. Nh4 Bg4 13. h3 Bh5 14. Ndf3 c6 15.
g4 Bg6 16. Nxg6 hxg6 17. e3 Qb6 18. Qc2 Nh7 19. h4 Bf6 20. g5 Bxb2 21. Qxb2 Nhf8
22. Ne5 d4 23. Bh3 dxe3 24. Nc4 Qd4 25. Bxe6 Nxe6 26. fxe3 Qxh4 27. Rf2 Nxg5 28.
Rg2 b5 1-0

[Event "World Blitz 2015"]
[Site "Berlin GER"]
[Date "2015.10.14"]
[Round "13.47"]
[White "Guseinov, Gadir"]
[Black "Seirawan, Yasser"]
[Result "1-0"]
[WhiteTitle "GM"]
[BlackTitle "GM"]
[WhiteElo "2634"]
[BlackElo "2620"]
[WhiteFideId "13401378"]
[BlackFideId "2000032"]
[EventDate "2015.10.13"]

1. e4 c6 2. d4 d5 3. Nd2 dxe4 4. Nxe4 Nf6 5. Nxf6+ gxf6 6. c3 h5 7. Be3 h4 8. h3
Bf5 9. Nf3 Nd7 10. d5 Nb6 11. dxc6 bxc6 12. Nd4 Be4 13. Qg4 Qd5 14. Rd1 f5 15.
Qe2 Qxa2 16. f3 Bd5 17. Nxf5 e6 18. Bd4 Rg8 19. Ne3 Bb3 20. Ng4 Nd5 21. Rc1 Bd6
22. c4 Bf4 23. cxd5 Bxc1 24. Nf6+ Ke7 25. d6+ Kxd6 26. Qe5+ Ke7 27. Bc5+ 1-0

[Event "World Blitz 2015"]
[Site "Berlin GER"]
[Date "2015.10.14"]
[Round "13.48"]
[White "Riazantsev, Alexander"]
[Black "Milanovic, Danilo"]
[Result "1-0"]
[WhiteTitle "GM"]
[BlackTitle "GM"]
[WhiteElo "2646"]
[BlackElo "2469"]
[WhiteFideId "4125029"]
[BlackFideId "915483"]
[EventDate "2015.10.13"]

1. d4 Nf6 2. c4 c5 3. d5 b5 4. cxb5 a6 5. bxa6 g6 6. Nc3 Bxa6 7. e4 Bxf1 8. Kxf1
d6 9. Nf3 Bg7 10. g3 O-O 11. Kg2 Nbd7 12. a4 Ra6 13. Qc2 Qa8 14. Ra3 Rc8 15. Rd1
Ne8 16. Bg5 Kf8 17. Nb5 Nb6 18. b3 c4 19. Nbd4 h6 20. Be3 cxb3 21. Qxb3 Nxa4 22.
Rda1 Rc3 23. Rxa4 Rxb3 24. Rxa6 Qc8 25. Ra8 Rb8 26. Rxb8 Qxb8 27. Nc6 Qc8 28.
Ra7 e5 29. h3 Nf6 30. Nd2 Nd7 31. Nc4 g5 32. Nxd6 1-0

[Event "World Blitz 2015"]
[Site "Berlin GER"]
[Date "2015.10.14"]
[Round "13.49"]
[White "Akopian, Vladimir"]
[Black "Naumann, Alexander"]
[Result "0-1"]
[WhiteTitle "GM"]
[BlackTitle "GM"]
[WhiteElo "2648"]
[BlackElo "2545"]
[WhiteFideId "13300032"]
[BlackFideId "4623169"]
[EventDate "2015.10.13"]

1. e4 e6 2. d4 d5 3. Nc3 Bb4 4. e5 Ne7 5. a3 Bxc3+ 6. bxc3 c5 7. Nf3 h6 8. a4 b6
9. Bb5+ Bd7 10. O-O Bxb5 11. axb5 Nd7 12. Qe2 Qc7 13. Ba3 O-O 14. c4 dxc4 15.
Qxc4 Rfc8 16. Qe2 Ng6 17. c3 Qb7 18. Qe3 a6 19. dxc5 Nxc5 20. Bxc5 Rxc5 21. bxa6
Rxa6 22. Rad1 Ra8 23. Rd3 Ne7 24. Rfd1 Nd5 25. Qd2 Rac8 26. h4 Rxc3 27. Rxc3
Rxc3 28. h5 Qc6 29. Ra1 Rc2 30. Qd1 Rc3 31. Nd4 Qc8 32. Qa4 Rc1+ 33. Kh2 Rxa1
34. Qxa1 Qc5 35. Qa4 Kh7 36. f3 Nf4 37. Nc6 Qe3 38. Qc2+ g6 39. hxg6+ Nxg6 40.
Qc4 Qf4+ 41. Qxf4 Nxf4 42. Kg3 Nd3 43. f4 b5 44. Kf3 Nc5 45. Ke3 h5 46. f5 exf5
47. Ne7 b4 48. Nxf5 b3 49. Kd2 Kg6 50. Nd6 Nd7 51. Kc3 Nxe5 52. Kxb3 Kg5 53. Kc3
Kf4 54. Kd4 h4 55. Kd5 Nd3 56. Nxf7 Ne1 57. Nh8 Kf5 58. Nf7 Nxg2 59. Nd6+ Kf4
60. Ne4 h3 61. Nf2 h2 62. Kd4 Ne1 63. Nh1 Kf3 64. Kc3 Kg2 65. Kd2 Kxh1 0-1

[Event "World Blitz 2015"]
[Site "Berlin GER"]
[Date "2015.10.14"]
[Round "13.50"]
[White "Jumabayev, Rinat"]
[Black "Bezold, Michael"]
[Result "1-0"]
[WhiteTitle "GM"]
[BlackTitle "GM"]
[WhiteElo "2606"]
[BlackElo "2509"]
[WhiteFideId "13702661"]
[BlackFideId "4601718"]
[EventDate "2015.10.13"]

1. Nf3 c5 2. c4 Nf6 3. Nc3 e6 4. g3 a6 5. Bg2 Be7 6. O-O O-O 7. d4 cxd4 8. Nxd4
Qc7 9. Qb3 d6 10. Bd2 Nbd7 11. Rac1 Ne5 12. Na4 Ned7 13. Rfd1 Rb8 14. h3 Re8 15.
Qc2 Bf8 16. b4 Ne5 17. c5 Bd7 18. Nb6 Bc6 19. Nxc6 Nxc6 20. Qb2 dxc5 21. bxc5
Rbd8 22. Na4 Be7 23. Bc3 h6 24. e3 Rxd1+ 25. Rxd1 Rd8 26. Rb1 Rd7 27. Nb6 Rd8
28. Nc4 Bxc5 29. Qxb7 Qxb7 30. Rxb7 Rd1+ 31. Bf1 Ne4 32. Bb2 Nb4 33. Kg2 Nc2 34.
Be2 Ne1+ 35. Kh2 Rb1 36. f3 Ng5 37. Nd2 Rxb2 38. Rxb2 Bxe3 39. Nf1 Bd4 40. Rb8+
Kh7 41. f4 Ne4 42. Rb1 Nc2 43. Bd3 Na3 44. Bxe4+ f5 1-0

[Event "World Blitz 2015"]
[Site "Berlin GER"]
[Date "2015.10.14"]
[Round "13.51"]
[White "Pavlidis, Antonios"]
[Black "Anton Guijarro, David"]
[Result "0-1"]
[WhiteTitle "GM"]
[BlackTitle "GM"]
[WhiteElo "2522"]
[BlackElo "2634"]
[WhiteFideId "4212312"]
[BlackFideId "2285525"]
[EventDate "2015.10.13"]

1. e4 g6 2. d4 Bg7 3. Nc3 c6 4. Bc4 d6 5. Nf3 Nf6 6. e5 dxe5 7. Nxe5 O-O 8. O-O
Nbd7 9. Bf4 Nb6 10. Bb3 a5 11. a4 Nbd5 12. Bg3 Bf5 13. Qe2 Be6 14. Rfe1 Nxc3 15.
bxc3 Bxb3 16. cxb3 e6 17. Nc4 Nd5 18. Qf3 Qf6 19. Qd3 Rfd8 20. Be5 Qf5 21. Qd2
Bxe5 22. Rxe5 Qf6 23. Ne3 Nxe3 24. Qxe3 Rd5 25. c4 Rd7 26. Rd1 Kg7 27. g3 h5 28.
h4 Rad8 29. Rxa5 Rxd4 30. Rxd4 Rxd4 31. Ra7 Rd1+ 32. Kg2 Qa1 33. Qf3 Rd7 34. a5
Qd4 35. Qe3 Qd6 36. Qb6 Qe5 37. Qe3 Qd6 38. Qb6 Qe5 39. Qe3 Qd6 40. Qc3+ e5 41.
b4 Qe6 42. Qe3 e4 43. a6 Rd3 44. axb7 Rxe3 45. b8=Q Rf3 46. Ra8 Kf6 47. Qd8+ Qe7
48. Qd4+ Qe5 49. Qd8+ Qe7 50. Qd4+ Qe5 51. Qxe5+ Kxe5 52. Re8+ Kd4 53. b5 cxb5
54. cxb5 Rb3 55. Rd8+ Ke5 56. Re8+ Kf5 57. Rb8 Rb2 58. Kf1 Kg4 59. b6 Kf3 60.
Ke1 Rb1+ 61. Kd2 Kxf2 62. b7 e3+ 63. Kd3 f5 64. Kc2 Rb6 0-1

[Event "World Blitz 2015"]
[Site "Berlin GER"]
[Date "2015.10.14"]
[Round "13.53"]
[White "Salem, A.R. Saleh"]
[Black "Postny, Evgeny"]
[Result "0-1"]
[WhiteTitle "GM"]
[BlackTitle "GM"]
[WhiteElo "2624"]
[BlackElo "2658"]
[WhiteFideId "9301348"]
[BlackFideId "2804344"]
[EventDate "2015.10.13"]

1. d4 d5 2. c4 c6 3. Nf3 Nf6 4. Nc3 a6 5. e3 Bf5 6. Be2 h6 7. O-O e6 8. c5 Nbd7
9. b4 Be7 10. a4 O-O 11. Bb2 Ne4 12. Nxe4 Bxe4 13. b5 axb5 14. axb5 e5 15. b6
Bxf3 16. Bxf3 Bf6 17. Qc2 Re8 18. h3 Qe7 19. Bg4 Nf8 20. Ra7 Rab8 21. Rd1 g6 22.
e4 h5 23. Bf3 dxe4 24. Qxe4 exd4 25. Qxe7 Rxe7 26. Bxd4 Bxd4 27. Rxd4 Re5 28. g4
hxg4 29. hxg4 Rxc5 30. Rd6 Rb5 31. Kg2 Rxb6 32. Be2 Rb4 33. Kg3 Re8 34. Bd3 Rb3
35. f3 Re3 36. Bc4 Rxf3+ 37. Kh4 Rh3+ 38. Kg5 Rbf3 39. Rd8 Kg7 40. Rxf8 Kxf8 41.
Rxb7 Kg7 42. Rc7 Rf2 43. Ra7 Rc3 44. Ba2 Rc5+ 45. Kh4 Rf3 46. g5 Rcf5 47. Be6
R5f4+ 48. Bg4 Rf1 49. Ra8 Rg1 50. Kh3 Rgxg4 0-1

[Event "World Blitz 2015"]
[Site "Berlin GER"]
[Date "2015.10.14"]
[Round "13.54"]
[White "Grigoriants, Sergey"]
[Black "Rakhmanov, Aleksandr"]
[Result "1-0"]
[WhiteTitle "GM"]
[BlackTitle "GM"]
[WhiteElo "2603"]
[BlackElo "2637"]
[WhiteFideId "4130804"]
[BlackFideId "4173708"]
[EventDate "2015.10.13"]

1. e4 c5 2. Nf3 Nf6 3. Nc3 d5 4. exd5 Nxd5 5. g3 Nxc3 6. bxc3 g6 7. Bg2 Bg7 8.
O-O O-O 9. Rb1 Qa5 10. a3 Nc6 11. c4 Rd8 12. d3 Qc7 13. Bf4 e5 14. Bg5 Re8 15.
Re1 h6 16. Be3 b6 17. Nd2 Bb7 18. Ne4 Rab8 19. Nc3 Ne7 20. Bd2 Bxg2 21. Kxg2
Rbd8 22. Qf3 Qd7 23. Re2 Nc6 24. Be3 f5 25. Qd5+ Qe6 26. Qxe6+ Rxe6 27. Nd5 g5
28. f3 e4 29. fxe4 fxe4 30. Bf2 Kf7 31. Rbe1 Bd4 32. Rxe4 Rxe4 33. Rxe4 Bxf2 34.
Kxf2 Rd7 35. c3 Rd6 36. Ke3 Rd7 37. h4 Rd6 38. hxg5 hxg5 39. Kf3 Rh6 40. Kg4 Rh1
41. Kxg5 Ra1 42. Rh4 Rxa3 43. Rh7+ Ke6 44. Rh6+ Kd7 45. Kf5 Ra1 46. Rh7+ Kd6 47.
Rh6+ Kd7 48. Nf6+ Kc7 49. Rh7+ Kc8 50. Nd5 Kd8 51. Ke6 Na5 52. Rh8# 1-0

[Event "World Blitz 2015"]
[Site "Berlin GER"]
[Date "2015.10.14"]
[Round "13.57"]
[White "Mikhalevski, Victor"]
[Black "Bauer, Christian"]
[Result "1-0"]
[WhiteTitle "GM"]
[BlackTitle "GM"]
[WhiteElo "2536"]
[BlackElo "2623"]
[WhiteFideId "2801914"]
[BlackFideId "603767"]
[EventDate "2015.10.13"]

1. c4 c5 2. g3 g6 3. Bg2 Bg7 4. Nc3 Nc6 5. Nf3 d6 6. O-O Qd7 7. b3 Bxc3 8. dxc3
b6 9. e4 f6 10. Nh4 Bb7 11. f4 O-O-O 12. Bf3 e6 13. Ng2 f5 14. exf5 gxf5 15. Re1
Nf6 16. a4 Kb8 17. Ra2 h5 18. Nh4 Rhe8 19. Rae2 Qf7 20. Qc2 Na5 21. Bxb7 Kxb7
22. Nf3 Ne4 23. Rxe4 fxe4 24. Qxe4+ d5 25. Qc2 Qf5 26. Qa2 dxc4 27. b4 Nb3 28.
Be3 Rd3 29. Ne5 Qe4 30. Qf2 Rxc3 31. Bd2 Nxd2 32. Rxe4 Nxe4 33. Qe1 cxb4 34.
Qxe4+ Ka6 35. Qd4 h4 36. Qd7 Rg8 37. Nc6 Ra8 38. Nxb4+ Ka5 39. Qb5# 1-0

[Event "World Blitz 2015"]
[Site "Berlin GER"]
[Date "2015.10.14"]
[Round "13.58"]
[White "Svane, Rasmus"]
[Black "Van Wely, Loek"]
[Result "1/2-1/2"]
[WhiteTitle "IM"]
[BlackTitle "GM"]
[WhiteElo "2543"]
[BlackElo "2632"]
[WhiteFideId "4657101"]
[BlackFideId "1000268"]
[EventDate "2015.10.13"]

1. d4 Nf6 2. c4 c5 3. Nf3 cxd4 4. Nxd4 e6 5. Nc3 a6 6. e4 Bb4 7. Qd3 d5 8. exd5
exd5 9. Be2 O-O 10. O-O Nc6 11. cxd5 Nxd5 12. Nxc6 bxc6 13. Rd1 Be6 14. Nxd5
Bxd5 15. Bd2 a5 16. Bc3 Qg5 17. Bf3 Rfd8 18. Bxd5 cxd5 19. h3 Rac8 20. Rac1 h6
21. Bd2 Bxd2 22. Rxc8 Rxc8 23. Qxd2 Rc5 1/2-1/2